Falsche Freunde Deutsch/Englisch mit Bild - Statistiken

Allgemein
  • Dieses Quiz wurde 1.907 mal gespielt
  • Das Durchschnittsergebnis liegt bei 11 aus 16
Antwortstatistiken
Bildquiz Antwort % Korrekt
ANGEL
99%
HUT
97%
GIFT
96%
BOOT
92%
ROCK
91%
RAT
88%
CHEF
84%
WAND
69%
TAG
68%
BAD
67%
KIND
65%
GUT
59%
MIST
43%
HELL
25%
MOST
23%
SAGE
14%
Keine übereinstimmenden Quizze gefunden
Verteilung der Resultate
Anzahl Personen mit jedem Resultat
Perzentil nach korrekt beantworteten Fragen
Ihre Resultats-Entwicklung
Sie haben dieses Quiz noch nicht gespielt